Mahatma on the pitch: (Record no. 156502)

MARC details
000 -LEADER
fixed length control field 00619nam a22001937a 4500
005 - DATE AND TIME OF LATEST TRANSACTION
control field 20180829104707.0
010 ## - LCCN (DPL NO)
LC control number ENG-123880
020 ## - INTERNATIONAL STANDARD BOOK NUMBER
Terms of availability 395.00
International Standard Book Number 9788129148858
035 ## - SYSTEM CONTROL NUMBER
System control number EN-107412
037 ## - SOURCE OF ACQUISITION
Source of stock number/acquisition DBAD/PUB
082 ## - DEWEY DECIMAL CLASSIFICATION NUMBER
Classification number 301.153
100 ## - MAIN ENTRY--PERSONAL NAME
Personal name Bandyopadhyay, Kausik
245 ## - TITLE STATEMENT
Title Mahatma on the pitch:
Statement of responsibility, etc by Kausik Bandyopadhyay
Remainder of title gandhi & cricket in india /
260 ## - PUBLICATION, DISTRIBUTION, ETC. (IMPRINT)
Date of publication, distribution, etc 2017
Place of publication, distribution, etc New Delhi
Name of publisher, distributor, etc Rupa Publications
270 ## - ADDRESS
Address 7/16, Ansari Road, Daryaganj,
City New Delhi
Postal code 110002
300 ## - PHYSICAL DESCRIPTION
Dimensions 22cm(Hb.)
Extent xvi,184p.
500 ## - GENERAL NOTE
General note It includes bibliography and index
942 ## - ADDED ENTRY ELEMENTS (KOHA)
Item type English Books
Source of classification or shelving scheme Dewey Decimal Classification
Call number suffix BAN
Classification part 301.153
Holdings
Withdrawn status Lost status Not for loan Collection code Home library Current library Date acquired Source of acquisition Cost, normal purchase price Full call number Barcode Copy number Cost, replacement price Koha item type
    Not For Loan Non-fiction D.B.Act.Division Bawana 28/08/2018 DBAD/PUB 395.00 301.153 BAN EN-107412 1 395.00 English Books

© Delhi Public Library
Hit Counter
free hit counter